000 00486nam a2200229Ia 4500
005 20250425161529.0
008 250425s9999 xx 000 0 und d
041 _aspa
082 _a541.3
100 _aHAMILL, WILLIAM H
245 0 _aQUIMICA FISICA
250 _a1A ED.
260 _aEspaƱa
_bGRIJ
_c1963
260 _aS.L.
300 _a630
650 _aFISICA
650 _aQUIMICA
650 _aQUIMICA FISICA
710 _aS.A.
942 _c01
010 _a22384
999 _c211056
_d211056